| 000 | 02190nam0a2200373 4500 | ||
|---|---|---|---|
| 001 | RU\NLR\bibl\896196 | ||
| 005 | 20260408071950.0 | ||
| 010 |
_a5-699-13342-9 _bв обл. _93000 |
||
| 021 |
_aRU _b2005-71675 _93529 |
||
| 035 | _a(nilc)RSL-KNO-002764381 | ||
| 035 | _a(NLR Aleph) 000884658 | ||
| 090 |
_a1680658 _c1680658 |
||
| 100 | _a20051107d2005 |||y0rusy50 ca | ||
| 101 | 0 | _arus | |
| 102 | _aRU | ||
| 105 | _ay ||||||||| | ||
| 106 | _ar | ||
| 200 | 1 |
_aМедицинские услуги _eособенности бухгалт. учета и налогообложения _eлицензирование мед. деятельности, правила оказания плат. услуг, формирование цены услуги, себестоимость и финансовый результат от предоставления услуг _fBKR-Интерком-Аудит _g[Семенихин В. В. и др.] _gпод общ. ред. В. В. Семенихина |
|
| 210 |
_aМ. _cЭксмо _d2005 _gГУП ИПК Ульян. Дом печати |
||
| 215 |
_a154, [1] с. _cтабл. _d20 |
||
| 225 | 1 | _aПрактическое руководство | |
| 225 | 1 | _aПортфель бухгалтера | |
| 606 | 1 |
_aМедицинские учреждения _jПрактические пособия _xБухгалтерский учет _yРоссийская Федерация _92191700 _3RU\NLR\auth\661317454 |
|
| 610 | 0 | _aЭкономика -- Учет -- Российская Федерация -- Бухгалтерский учет -- Бюджетный учет -- Учреждения и организации здравоохранения -- Пособие для специалистов | |
| 686 |
_aУ052.9(2)247.46,07 _2rubbk |
||
| 686 | _aУ052.9(2)247.46я7 | ||
| 702 | 1 |
_aСеменихин _bВ. В. _4220 |
|
| 712 | 0 | 2 |
_4570 _a"BKR-Интерком-Аудит", закрытое акционерное общество _cМосква _3RU\NLR\AUTH\8810061147 _9623763 |
| 801 | 0 |
_aRU _bRuMoRKP _c20051107 _grcr |
|
| 801 | 1 |
_aRU _bRuMoRGB _c20051107 |
|
| 801 | 2 |
_aRU _bNLR _c20060112 _grcr |
|
| 942 | _cBOOK | ||
| 980 | _aNB | ||